MARC details
| 000 -LEADER |
| fixed length control field |
01460nam a2200217 u 4500 |
| 001 - CONTROL NUMBER |
| control field |
000477582 |
| 003 - CONTROL NUMBER IDENTIFIER |
| control field |
AM-YeHGA |
| 005 - DATE AND TIME OF LATEST TRANSACTION |
| control field |
20250617134028.0 |
| 008 - FIXED-LENGTH DATA ELEMENTS--GENERAL INFORMATION |
| fixed length control field |
060301s|||| ||| r ||| 0 rus d |
| 020 ## - INTERNATIONAL STANDARD BOOK NUMBER |
| International Standard Book Number |
5833802261 |
| 040 ## - CATALOGING SOURCE |
| Original cataloging agency |
AM-YeHGA |
| 041 0# - LANGUAGE CODE |
| Language code of text/sound track or separate title |
rus |
| 090 ## - LOCALLY ASSIGNED LC-TYPE CALL NUMBER (OCLC); LOCAL CALL NUMBER (RLIN) |
| -- |
176593 |
| 245 00 - TITLE STATEMENT |
| Title |
Махабхарата : |
| Remainder of title |
[Филос. тексты] / |
| Statement of responsibility, etc. |
АН ТССР. |
| 250 ## - EDITION STATEMENT |
| Edition statement |
2-е изд. |
| 260 ## - PUBLICATION, DISTRIBUTION, ETC. |
| Place of publication, distribution, etc. |
Ашхабад : |
| Name of publisher, distributor, etc. |
Ылым. |
| 300 ## - PHYSICAL DESCRIPTION |
| Extent |
вып. |
| 505 10 - FORMATTED CONTENTS NOTE |
| Miscellaneous information |
Вып. I (1986, 161 с.: ил. ) : |
| Title |
Две поэмы из III кн. : Сказание о Нале; Супружеская верность ; |
| Miscellaneous information |
Вып. III (1985, 488 с.: ил. ) : |
| Title |
Горец |
| Miscellaneous information |
Вып. V, Кн. 1 (1983, 664 с.) |
| Title |
Мокшадхарма (основа освобождения) : (Кн. 12, гл. 175-367, шлоки 6457-12649) |
| Miscellaneous information |
Вып. V (1984, 326 с.: ил. ) : |
| Title |
Нараяния (Кн. 12, гл. 175-367, шлоки 6457-13943); |
| Miscellaneous information |
Вып. VI(1989, 584 с.: ил. ) : |
| Title |
Лесная : Хождение по криницам (кн. III, гл. 80-175, 311-315) |
| Miscellaneous information |
Вып. VII (1981, 291 с.: ил. ) |
| Title |
Книга о Бхишме; Книга о побоище палицами |
| Miscellaneous information |
Вып. VIII (1982, 204 с.: ил. ) |
| Title |
Книга о нападении на спящих (кн. X, гл. 1-18); Книга о женах (кн. XI, гл.1-27) |
| 653 0# - INDEX TERM--UNCONTROLLED |
| Uncontrolled term |
Эпос народов Индии (х. л.) |
| 710 2# - ADDED ENTRY--CORPORATE NAME |
| Corporate name or jurisdiction name as entry element |
Академия наук Туркменской ССР |